International Economics and Policy: An Introduction to Globalization and Inequality (Record no. 43433)

MARC details
000 -LEADER
fixed length control field 00519nam a22001697a 4500
005 - DATE AND TIME OF LATEST TRANSACTION
control field 20250327112850.0
008 - FIXED-LENGTH DATA ELEMENTS--GENERAL INFORMATION
fixed length control field 250327b |||||||| |||| 00| 0 eng d
020 ## - INTERNATIONAL STANDARD BOOK NUMBER
International Standard Book Number 9798886131222
041 ## - LANGUAGE CODE
Language code of text/sound track or separate title eng
082 ## - DEWEY DECIMAL CLASSIFICATION NUMBER
Classification number 382 MAS
100 ## - MAIN ENTRY--PERSONAL NAME
Author Maskus, Keith E.
245 ## - TITLE STATEMENT
Title International Economics and Policy: An Introduction to Globalization and Inequality
260 ## - PUBLICATION, DISTRIBUTION, ETC.
Place London
Publisher World Scientific
Publication Year 2024
300 ## - PHYSICAL DESCRIPTION
Extent 527;. P. 23 cm
650 ## - SUBJECT ADDED ENTRY--TOPICAL TERM
Subject International Trade; Economics; Business Logistics; Commerce
942 ## - ADDED ENTRY ELEMENTS (KOHA)
Koha item type Books
Holdings
Withdrawn status Lost status Source of classification or shelving scheme Damaged status Not for loan Home library Current library Shelving location Accession Date Vendor Price Bill number Total Checkouts Full call number Barcode No Date due Date last seen Date last checked out Discount Bill Date Koha item type Suggested By
    Dewey Decimal Classification     IMTN IMTN Rack 16-B 03/24/2025 Raghav Books Private Limited 1895.00 2374 1 382 MAS 33724 11/11/2025 05/15/2025 05/15/2025 30 02/14/2025 Books Dr. Veena Pailwar
Designed & Maintained by: LRC IMT Nagpur Contact: lrc@imtnag.ac.in© 2024. All Rights Reserved.